[Event "NAYCC U18"]
[Site "Kingston CAN"]
[Date "2019.08.18"]
[Round "6.194"]
[White "Rama, Vikas"]
[Black "Beardall, Ben"]
[Result "1-0"]
[WhiteElo "1534"]
[BlackElo "918"]
[PlyCount "43"]
[EventDate "2019.08.16"]
[EventType "swiss"]
[EventRounds "9"]
[EventCountry "CAN"]

1. Nf3 Nf6 2. c4 e6 3. g3 d5 4. Bg2 c5 5. O-O Be7 6. Qc2 Nc6 7. a3 O-O 8. b3
Qc7 9. Bb2 b6 10. Nc3 Bb7 11. cxd5 Nxd5 12. Ne4 h6 13. Rac1 f5 14. Nc3 Nxc3 15.
Bxc3 Bf6 16. Bxf6 Rxf6 17. d4 cxd4 18. Nxd4 Rc8 19. Bxc6 Bxc6 20. Qxc6 Qxc6 21.
Nxc6 e5 22. Ne7+ 1-0

[Event "NAYCC U18"]
[Site "Kingston CAN"]
[Date "2019.08.18"]
[Round "6.196"]
[White "Sands, Malik"]
[Black "Gonzalez, Pedro"]
[Result "0-1"]
[WhiteElo "1307"]
[BlackElo "1632"]
[PlyCount "60"]
[EventDate "2019.08.16"]
[EventType "swiss"]
[EventRounds "9"]
[EventCountry "CAN"]

1. d4 d5 2. c4 e6 3. Nc3 c5 4. Nf3 Nc6 5. e3 Nf6 6. Be2 a6 7. O-O Bd6 8. b3
cxd4 9. Nxd4 O-O 10. Nxc6 bxc6 11. Bf3 Bb7 12. Qd3 Re8 13. g3 Qc7 14. a4 Rad8
15. Ba3 c5 16. Qc2 d4 17. Bxb7 Qxb7 18. exd4 cxd4 19. Bxd6 Rxd6 20. Nd1 Qf3 21.
Re1 e5 22. c5 Rde6 23. b4 Ng4 24. h3 d3 25. Qc3 Rg6 26. Ra2 Nxf2 27. g4 Nxh3+
28. Kh2 Rh6 29. Qxe5 Ng5+ 30. Kg1 Rh1# 0-1

[Event "NAYCC U18"]
[Site "Kingston CAN"]
[Date "2019.08.19"]
[Round "7.179"]
[White "Doknjas, Joshua"]
[Black "Costello, Alexander"]
[Result "1/2-1/2"]
[WhiteElo "2236"]
[BlackElo "2256"]
[PlyCount "102"]
[EventDate "2019.08.16"]
[EventType "swiss"]
[EventRounds "9"]
[EventCountry "CAN"]

1. e4 e5 2. Nf3 Nc6 3. Bb5 a6 4. Ba4 Nf6 5. O-O Be7 6. Re1 b5 7. Bb3 d6 8. c3
O-O 9. h3 Na5 10. Bc2 c5 11. d4 Nd7 12. a4 b4 13. cxb4 cxb4 14. Nbd2 Rb8 15.
Nb3 Nxb3 16. Bxb3 Bb7 17. Bc2 Qc7 18. d5 Rbc8 19. Re2 a5 20. Be3 Ba6 21. Rd2
Bd8 22. Bb3 Qb7 23. Rc1 Rxc1 24. Qxc1 Bb6 25. Rc2 Bxe3 26. Qxe3 Rc8 27. Rc6
Rxc6 28. dxc6 Qxc6 29. Bd5 Qc5 30. Qb3 Qc1+ 31. Kh2 Qf4+ 32. g3 Qf6 33. Qe3 h6
34. Kg2 Nc5 35. b3 Bc8 36. Nd2 Be6 37. Nc4 Bxd5 38. exd5 Qg6 39. Nxe5 Qf5 40.
Nc4 Qxd5+ 41. Kh2 Ne6 42. Qb6 Nd4 43. Ne3 Qe4 44. Qxd6 Nxb3 45. h4 Nd4 46. Qd8+
Kh7 47. Qxa5 Qf3 48. Qxb4 Qxf2+ 49. Ng2 Nf3+ 50. Kh3 f5 51. Qf4 Ng1+ 1/2-1/2

[Event "NAYCC U18"]
[Site "Kingston CAN"]
[Date "2019.08.19"]
[Round "7.180"]
[White "Ouellet, Maili-Jade"]
[Black "Zhang, Yuanchen"]
[Result "1/2-1/2"]
[WhiteElo "2211"]
[BlackElo "2305"]
[PlyCount "60"]
[EventDate "2019.08.16"]
[EventType "swiss"]
[EventRounds "9"]
[EventCountry "CAN"]

1. d4 Nf6 2. c4 e6 3. Nf3 Bb4+ 4. Nbd2 O-O 5. a3 Be7 6. e3 d5 7. cxd5 exd5 8.
Bd3 b6 9. O-O Bb7 10. b3 Nbd7 11. Bb2 c5 12. Rc1 Rc8 13. Ne5 Bd6 14. f4 Ne4 15.
Nxe4 dxe4 16. Bc4 Nf6 17. Qe2 cxd4 18. Bxd4 Bxa3 19. Ra1 Bc5 20. Rxa7 Bd5 21.
Rd1 b5 22. Bxc5 Rxc5 23. Raa1 bxc4 24. bxc4 Qc8 25. cxd5 Nxd5 26. Qe1 f6 27.
Nc4 Rd8 28. Rxd5 Rcxd5 29. Nb6 Qc5 30. Nxd5 Qxd5 1/2-1/2

[Event "NAYCC U18"]
[Site "Kingston CAN"]
[Date "2019.08.19"]
[Round "7.181"]
[White "Wang, Wesley"]
[Black "Yip, Carissa"]
[Result "1-0"]
[WhiteElo "2269"]
[BlackElo "2300"]
[PlyCount "109"]
[EventDate "2019.08.16"]
[EventType "swiss"]
[EventRounds "9"]
[EventCountry "CAN"]

1. e4 e5 2. Nf3 Nc6 3. Bb5 a6 4. Ba4 Nf6 5. O-O Be7 6. d3 d6 7. c3 O-O 8. h3 b5
9. Bc2 Bb7 10. Re1 Nb8 11. Nbd2 Re8 12. Nf1 Bf8 13. Ng3 g6 14. Bg5 h6 15. Be3
Bg7 16. Nh2 d5 17. Ng4 Nxg4 18. hxg4 Qh4 19. exd5 Bxd5 20. Bb3 Bxb3 21. axb3
Nd7 22. Ne4 Nf6 23. g3 Qh3 24. Nxf6+ Bxf6 25. Qf3 Kg7 26. Qc6 Qxg4 27. Rxa6
Rxa6 28. Qxa6 Qf3 29. Qxb5 Ra8 30. Qc4 Ra2 31. Bc1 Qb7 32. b4 Ra8 33. Qe4 c6
34. Qf3 Rh8 35. Be3 h5 36. Ra1 Ra8 37. Rxa8 Qxa8 38. Bh6+ Kxh6 39. Qxf6 Qa1+
40. Kg2 Qxb2 41. Qh8+ Kg5 42. Qxe5+ Kh6 43. Qf6 Qc2 44. Qxc6 Qxd3 45. Qf3 Qd7
46. c4 Kg7 47. Qe4 h4 48. gxh4 f5 49. Qd5 Qe7 50. Qd4+ Kh7 51. b5 Qb7+ 52. Qd5
Qb6 53. Kg1 Qf6 54. c5 Qxh4 55. Qh1 1-0

[Event "NAYCC U18"]
[Site "Kingston CAN"]
[Date "2019.08.19"]
[Round "7.182"]
[White "Hua, Eugene"]
[Black "Chen, Richard"]
[Result "1-0"]
[WhiteElo "2301"]
[BlackElo "2291"]
[PlyCount "103"]
[EventDate "2019.08.16"]
[EventType "swiss"]
[EventRounds "9"]
[EventCountry "CAN"]

1. e4 c5 2. Nf3 e6 3. d4 cxd4 4. Nxd4 Nc6 5. Nc3 Qc7 6. Qd3 Nf6 7. Ndb5 Qb8 8.
Qg3 d6 9. Be3 a6 10. Nd4 Bd7 11. f4 b5 12. Bd3 h5 13. h3 b4 14. Nce2 Qb7 15.
Nb3 a5 16. O-O a4 17. Nd2 Qc7 18. Rad1 Rb8 19. Kh1 Na5 20. e5 h4 21. Qf2 Nd5
22. Bd4 Nc6 23. Nc4 Nxd4 24. Nxd4 g6 25. exd6 Bxd6 26. Nxd6+ Qxd6 27. Bc4 O-O
28. Bxd5 Qxd5 29. Nf3 Qb7 30. Kh2 Bc6 31. Qxh4 Kg7 32. Qe1 Rbc8 33. Qe5+ Kg8
34. Rd2 Bd5 35. Nd4 Rc5 36. Qf6 Qc7 37. Re1 Qd8 38. Qe5 Qh4 39. g3 Qd8 40. h4
Kh7 41. Kg1 Rh8 42. Qe3 Qc7 43. Qe5 Qc8 44. Qf6 Kg8 45. Rde2 Qd7 46. Re5 a3 47.
bxa3 bxa3 48. Nxe6 fxe6 49. Qxg6+ Qg7 50. Qe8+ Qf8 51. Rg5+ Kh7 52. Qg6# 1-0

[Event "NAYCC U18"]
[Site "Kingston CAN"]
[Date "2019.08.19"]
[Round "7.183"]
[White "Chasin, Nico"]
[Black "Huang, Andy"]
[Result "0-1"]
[WhiteElo "2178"]
[BlackElo "2263"]
[PlyCount "110"]
[EventDate "2019.08.16"]
[EventType "swiss"]
[EventRounds "9"]
[EventCountry "CAN"]

1. e4 c5 2. Nf3 Nc6 3. d4 cxd4 4. Nxd4 Nf6 5. Nc3 e5 6. Ndb5 d6 7. Nd5 Nxd5 8.
exd5 Nb8 9. a4 Be7 10. Be2 O-O 11. O-O f5 12. f4 Nd7 13. Kh1 a6 14. Na3 Qc7 15.
Be3 b6 16. Nc4 Rb8 17. Qd2 Bf6 18. Qb4 Be7 19. fxe5 Nxe5 20. Rae1 b5 21. axb5
axb5 22. Na3 Bd7 23. c3 Qb7 24. Bf4 Rfe8 25. Rd1 Bf6 26. Bg3 Qa6 27. Rd2 Bg5
28. Bf4 Bxf4 29. Qxf4 Ng6 30. Qf2 Ne5 31. Nc2 Qb7 32. Qf4 g6 33. h4 Qb6 34. h5
Kg7 35. Nd4 Qd8 36. Qg3 Qf6 37. Rf2 Rf8 38. Qh2 Qg5 39. Qf4 Qxf4 40. Rxf4 g5
41. Rf2 Rf6 42. g3 Kh6 43. Rd1 g4 44. Rdf1 Kg5 45. Bd1 Nc4 46. Re1 Rbf8 47. b3
Nb6 48. Ne6+ Bxe6 49. dxe6 Nd5 50. Rd2 Nxc3 51. Rxd6 Ne4 52. Rb6 Re8 53. Rxb5
Rexe6 54. Kg2 Nc3 55. Rxe6 Rxe6 0-1

[Event "NAYCC U18"]
[Site "Kingston CAN"]
[Date "2019.08.19"]
[Round "7.184"]
[White "Samadashvili, Martha"]
[Black "Ravuri, Vinesh"]
[Result "1/2-1/2"]
[WhiteElo "2086"]
[BlackElo "2192"]
[PlyCount "139"]
[EventDate "2019.08.16"]
[EventType "swiss"]
[EventRounds "9"]
[EventCountry "CAN"]

1. e4 e5 2. Nf3 Nc6 3. Bc4 Bc5 4. c3 Nf6 5. d3 d6 6. a4 a6 7. O-O h6 8. Nbd2
O-O 9. h3 Re8 10. Re1 Be6 11. a5 d5 12. exd5 Bxd5 13. Qb3 Qd7 14. Ne4 Nxe4 15.
dxe4 Be6 16. Be3 Bxe3 17. Rxe3 Bxc4 18. Qxc4 Rad8 19. Qb3 Qe6 20. Qxb7 Ra8 21.
Qxc7 Rec8 22. Qb6 Rcb8 23. Qc5 Rb5 24. Qa3 Rxa5 25. Qxa5 Nxa5 26. Rxa5 Qb3 27.
Nxe5 Qxb2 28. g3 Qb6 29. Rd5 a5 30. Nc4 Qb1+ 31. Kg2 a4 32. Na3 Qc1 33. c4 Rb8
34. Rb5 Rxb5 35. cxb5 Qb2 36. h4 Kf8 37. Kf3 Ke7 38. Rd3 Qb4 39. Ke2 Kf6 40.
Kf3 Kg6 41. Ke3 Qc5+ 42. Ke2 Qe5 43. Kf3 f5 44. exf5+ Kxf5 45. Re3 Qd5+ 46. Ke2
Kg4 47. Rd3 Qc5 48. f4 Kh3 49. Kd2 Kg2 50. Rc3 Qb4 51. Kc2 Kf2 52. Rd3 Ke2 53.
Nb1 Qc4+ 54. Nc3+ Kf1 55. Rd1+ Kg2 56. Rb1 a3 57. Rb3 a2 58. Ra3 Kxg3 59. Rxa2
Kxh4 60. b6 Qc6 61. Rb2 Qb7 62. Rb4 Kg4 63. Ne4 h5 64. Kb2 h4 65. f5 Kh5 66.
Nc5 Qg2+ 67. Ka3 Qa8+ 68. Kb2 Qg2+ 69. Ka3 Qa8+ 70. Kb2 1/2-1/2

[Event "NAYCC U18"]
[Site "Kingston CAN"]
[Date "2019.08.19"]
[Round "7.185"]
[White "Zhang, Henry"]
[Black "Quiroga, Angel"]
[Result "0-1"]
[WhiteElo "2151"]
[BlackElo "2053"]
[PlyCount "110"]
[EventDate "2019.08.16"]
[EventType "swiss"]
[EventRounds "9"]
[EventCountry "CAN"]

1. e4 e5 2. Nf3 Nc6 3. d4 exd4 4. Nxd4 Nf6 5. Nxc6 bxc6 6. e5 Qe7 7. Qe2 Nd5 8.
c4 Ba6 9. b3 g6 10. Bb2 Nf4 11. Qe4 Ne6 12. Nd2 Bg7 13. g3 O-O 14. Bg2 Nc5 15.
Qe3 Bxe5 16. O-O Bd6 17. Qc3 f6 18. Rae1 Qf7 19. f4 Rae8 20. Ba1 Rxe1 21. Rxe1
Ne6 22. Ne4 Be7 23. Qa5 Bc8 24. Kf1 a6 25. Kg1 Bd8 26. f5 gxf5 27. Qxf5 Ng7 28.
Qf4 d5 29. Nc3 Be6 30. cxd5 cxd5 31. Rxe6 Nxe6 32. Qg4+ Kh8 33. Bxd5 Re8 34.
Ne4 Qg6 35. Qxg6 hxg6 36. Nxf6 Bxf6 37. Bxf6+ Kh7 38. Be5 c5 39. Bc4 Ng5 40.
Bd6 Ne4 41. Bc7 Nd2 42. Bd5 Re1+ 43. Kf2 Ra1 44. a4 Rb1 45. Bb7 Rxb3 46. Bxa6
Ne4+ 47. Ke2 Nc3+ 48. Kd2 Nxa4 49. h4 Nb6 50. Bd6 c4 51. Bc7 Ra3 52. Bxb6 Rxa6
53. Bc7 Ra3 54. g4 Rh3 55. Bd8 Rd3+ 0-1

[Event "NAYCC U18"]
[Site "Kingston CAN"]
[Date "2019.08.19"]
[Round "7.186"]
[White "Li, William"]
[Black "Wu, Rochelle"]
[Result "1/2-1/2"]
[WhiteElo "2135"]
[BlackElo "2161"]
[PlyCount "65"]
[EventDate "2019.08.16"]
[EventType "swiss"]
[EventRounds "9"]
[EventCountry "CAN"]

1. e4 c5 2. Nf3 d6 3. Bb5+ Bd7 4. Bxd7+ Qxd7 5. c4 e5 6. Nc3 Nc6 7. a3 g6 8. d3
Bg7 9. Rb1 Nge7 10. b4 b6 11. h4 h5 12. Nh2 Nd4 13. Ne2 f5 14. Bg5 O-O 15. Nxd4
exd4 16. f3 fxe4 17. fxe4 cxb4 18. axb4 d5 19. cxd5 Nxd5 20. Qb3 Rae8 21. Kd1
Kh7 22. Qxd5 Qc7 23. Rb2 Qg3 24. Rd2 Rc8 25. e5 Rc3 26. Nf3 Rfc8 27. Rg1 Rc1+
28. Ke2 Rxg1 29. Nxg1 Rc1 30. Rd1 Rc2+ 31. Rd2 Rc1 32. Rd1 Rc2+ 33. Rd2 1/2-1/2

[Event "NAYCC U18"]
[Site "Kingston CAN"]
[Date "2019.08.19"]
[Round "7.187"]
[White "Wu, Derek"]
[Black "Li, Max"]
[Result "1-0"]
[WhiteElo "2032"]
[BlackElo "2113"]
[PlyCount "87"]
[EventDate "2019.08.16"]
[EventType "swiss"]
[EventRounds "9"]
[EventCountry "CAN"]

1. d4 Nf6 2. c4 e6 3. Nc3 Bb4 4. Qc2 O-O 5. Nf3 c5 6. dxc5 Na6 7. g3 Nxc5 8.
Bg2 Nce4 9. O-O Nxc3 10. bxc3 Be7 11. e4 d6 12. e5 dxe5 13. Nxe5 Qc7 14. Qe2
Bd6 15. Re1 Nd7 16. Bf4 Bxe5 17. Bxe5 Nxe5 18. Qxe5 Qxe5 19. Rxe5 Rd8 20. Rb1
Rd7 21. Reb5 Rb8 22. c5 Rc7 23. c6 b6 24. c4 Ba6 25. R5b4 Rd8 26. Bf3 Rd4 27.
c5 Rxb4 28. Rxb4 bxc5 29. Rb8+ Rc8 30. c7 Kf8 31. Be2 Ke7 32. Bxa6 Rxc7 33. Bc4
Kf6 34. a4 Ke5 35. Rd8 Rb7 36. Bb5 Rc7 37. Kf1 h5 38. Ke2 h4 39. f4+ Kf5 40.
Kd2 hxg3 41. hxg3 c4 42. Rd4 c3+ 43. Kc2 e5 44. Rd7 1-0

[Event "NAYCC U18"]
[Site "Kingston CAN"]
[Date "2019.08.19"]
[Round "7.188"]
[White "Leong, Ryan"]
[Black "Xu, Jeffrey"]
[Result "1/2-1/2"]
[WhiteElo "1926"]
[BlackElo "2067"]
[PlyCount "161"]
[EventDate "2019.08.16"]
[EventType "swiss"]
[EventRounds "9"]
[EventCountry "CAN"]

1. Nf3 Nf6 2. g3 d6 3. Bg2 e5 4. d3 Be7 5. O-O O-O 6. e4 c6 7. Nc3 Re8 8. h3 b5
9. Be3 b4 10. Ne2 Bf8 11. g4 g6 12. Qd2 a5 13. Bh6 Bg7 14. Bxg7 Kxg7 15. Ng3
Nbd7 16. Qg5 Kh8 17. Qh4 Qe7 18. g5 Ng8 19. Nh2 h6 20. f4 Kg7 21. Ng4 exf4 22.
Nxh6 Nxh6 23. Qxh6+ Kg8 24. Rxf4 Qf8 25. Raf1 Qxh6 26. gxh6 f6 27. h4 Nf8 28.
Rxf6 Be6 29. h5 Kh7 30. hxg6+ Nxg6 31. d4 Bxa2 32. Rxd6 Rad8 33. Rxc6 Rxd4 34.
Rc7+ Re7 35. Rxe7+ Nxe7 36. b3 Nc6 37. Ra1 a4 38. Rxa2 Rd1+ 39. Kf2 Rd2+ 40.
Ne2 axb3 41. Ra7+ Nxa7 42. cxb3 Rb2 43. e5 Nb5 44. Bd5 Nd4 45. Bc4 Kxh6 46. e6
Nf5 47. Kf3 Kg7 48. Nf4 Kf6 49. Ke4 Nd6+ 50. Kd5 Nxc4 51. Kxc4 Re2 52. Nd5+
Kxe6 53. Nxb4 Kd6 54. Nd3 Rc2+ 55. Kd4 Kc7 56. b4 Kb6 57. Kd5 Kb5 58. Ke5 Rc8
59. Kd4 Rd8+ 60. Ke4 Rd6 61. Ke3 Kc4 62. Ne5+ Kxb4 63. Ke4 Kc3 64. Ke3 Rd4 65.
Nf3 Rd1 66. Ke4 Kc4 67. Ne5+ Kc5 68. Nf3 Rd8 69. Ke3 Re8+ 70. Kd3 Re7 71. Nd2
Kd5 72. Nb1 Re1 73. Nc3+ Ke5 74. Kc4 Rh1 75. Kd3 Rh3+ 76. Kc4 Rh4+ 77. Kd3 Rd4+
78. Ke3 Rc4 79. Kd3 Rc8 80. Ne2 Ra8 81. Nc3 1/2-1/2

[Event "NAYCC U18"]
[Site "Kingston CAN"]
[Date "2019.08.19"]
[Round "7.189"]
[White "Eidelman, Gabriel"]
[Black "Rama, Vikas"]
[Result "1/2-1/2"]
[WhiteElo "2133"]
[BlackElo "1534"]
[PlyCount "85"]
[EventDate "2019.08.16"]
[EventType "swiss"]
[EventRounds "9"]
[EventCountry "CAN"]

1. e4 c5 2. Nf3 e6 3. Nc3 Nc6 4. d4 cxd4 5. Nxd4 Nf6 6. g3 a6 7. Bg2 Bc5 8.
Nxc6 bxc6 9. e5 Nd5 10. Ne4 Bf8 11. O-O Qc7 12. c4 Nb6 13. Nd6+ Bxd6 14. exd6
Qd8 15. b3 O-O 16. Bb2 f6 17. h4 Rb8 18. h5 Nxc4 19. Bxf6 Qxf6 20. bxc4 Rb2 21.
f4 Qc3 22. Rf3 Qxc4 23. Rb3 Qc5+ 24. Kh2 Rc2 25. Rb8 a5 26. a4 Ba6 27. Rxf8+
Kxf8 28. h6 g6 29. Rb1 Qf2 30. Qg1 Qe2 31. Kh1 Bd3 32. Re1 Qh5+ 33. Qh2 Qxh2+
34. Kxh2 Rb2 35. Kg1 Bc4 36. Rd1 Bb3 37. Rd4 Rb1+ 38. Kf2 Rd1 39. Ke3 Rxd4 40.
Kxd4 Bxa4 41. Be4 Bb3 42. g4 Bd5 43. Bc2 1/2-1/2

[Event "NAYCC U18"]
[Site "Kingston CAN"]
[Date "2019.08.19"]
[Round "7.190"]
[White "Zhao, Harry"]
[Black "Rama, Tejas"]
[Result "1/2-1/2"]
[WhiteElo "1950"]
[BlackElo "2022"]
[PlyCount "57"]
[EventDate "2019.08.16"]
[EventType "swiss"]
[EventRounds "9"]
[EventCountry "CAN"]

1. d4 Nf6 2. Nf3 d5 3. e3 c5 4. dxc5 Qa5+ 5. Nbd2 Qxc5 6. a3 Bg4 7. b4 Qc7 8.
Bb2 Nbd7 9. c4 e6 10. Rc1 dxc4 11. Rxc4 Qd8 12. Bxf6 Bxf3 13. Qxf3 gxf6 14.
Qxb7 a5 15. Rc7 Rb8 16. Qc6 axb4 17. axb4 Bxb4 18. Bb5 Rxb5 19. Rc8 Rc5 20.
Rxd8+ Kxd8 21. Qa8+ Rc8 22. Qa2 Rc1+ 23. Ke2 Rxh1 24. Qa8+ Ke7 25. Qxh8 Bxd2
26. Kxd2 Rxh2 27. Qg8 h5 28. Ke2 h4 29. Qg4 1/2-1/2

[Event "NAYCC U18"]
[Site "Kingston CAN"]
[Date "2019.08.19"]
[Round "7.191"]
[White "Huang, Qiuyu"]
[Black "Merrigan, Daley"]
[Result "0-1"]
[WhiteElo "2020"]
[BlackElo "1917"]
[PlyCount "70"]
[EventDate "2019.08.16"]
[EventType "swiss"]
[EventRounds "9"]
[EventCountry "CAN"]

1. e4 e6 2. d4 d5 3. Nc3 Nf6 4. Bg5 Be7 5. e5 Nfd7 6. h4 c5 7. Bxe7 Kxe7 8. Bb5
cxd4 9. Qxd4 Nc6 10. Bxc6 bxc6 11. Rb1 c5 12. Qf4 f6 13. Nf3 Qf8 14. exf6+ Qxf6
15. Qc7 Rf8 16. O-O Kf7 17. Rbe1 Kg8 18. Ng5 Nb6 19. Qxc5 h6 20. Nf3 Ba6 21.
Nb5 Rac8 22. Qb4 Rxc2 23. b3 Rxa2 24. Re3 d4 25. Ree1 Nd5 26. Qc5 Rc8 27. Qxa7
Nc3 28. Nxc3 dxc3 29. Ra1 Rxa1 30. Rxa1 c2 31. Rc1 Rd8 32. Qe3 Rd1+ 33. Ne1 Bd3
34. Kh2 Qxh4+ 35. Kg1 Qe4 0-1

[Event "NAYCC U18"]
[Site "Kingston CAN"]
[Date "2019.08.19"]
[Round "7.192"]
[White "Wang, George"]
[Black "Ju, Terrence"]
[Result "1/2-1/2"]
[WhiteElo "1887"]
[BlackElo "1719"]
[PlyCount "57"]
[EventDate "2019.08.16"]
[EventType "swiss"]
[EventRounds "9"]
[EventCountry "CAN"]

1. d4 Nf6 2. Nf3 g6 3. Bf4 Bg7 4. Nc3 d5 5. Nb5 Na6 6. e3 c6 7. Nc3 Nh5 8. Bg5
O-O 9. Bxa6 bxa6 10. O-O Nf6 11. Ne5 Qc7 12. Bf4 Qb7 13. Na4 Nh5 14. Bg5 f6 15.
g4 fxe5 16. gxh5 Rf5 17. Bh4 Rxh5 18. Bg3 Bh3 19. Re1 Rf8 20. f4 e4 21. b3 Qc8
22. c4 Bg4 23. Qd2 Bf3 24. cxd5 cxd5 25. Rec1 Qg4 26. Rc7 Qxg3+ 27. hxg3 Rh1+
28. Kf2 Rh2+ 29. Ke1 1/2-1/2

[Event "NAYCC U18"]
[Site "Kingston CAN"]
[Date "2019.08.19"]
[Round "7.193"]
[White "Gonzalez, Pedro"]
[Black "De Costa, Alex"]
[Result "1/2-1/2"]
[WhiteElo "1632"]
[BlackElo "1797"]
[PlyCount "50"]
[EventDate "2019.08.16"]
[EventType "swiss"]
[EventRounds "9"]
[EventCountry "CAN"]

1. Nf3 Nf6 2. d3 g6 3. g3 Bg7 4. e4 d6 5. Bg2 c5 6. O-O O-O 7. Nbd2 Nc6 8. Re1
e5 9. c3 b5 10. a4 b4 11. Nc4 bxc3 12. bxc3 Rb8 13. Qc2 Re8 14. Be3 Qc7 15. Ra3
Na5 16. Nxa5 Qxa5 17. Nd2 Be6 18. c4 Rb4 19. Nf1 Qc7 20. Bd2 Rb7 21. a5 a6 22.
Bc3 Reb8 23. Ne3 Bd7 24. f4 Bc6 25. f5 h5 1/2-1/2

[Event "NAYCC U18"]
[Site "Kingston CAN"]
[Date "2019.08.19"]
[Round "7.194"]
[White "Beardall, Ben"]
[Black "Zhou, Joey"]
[Result "1/2-1/2"]
[WhiteElo "918"]
[BlackElo "1586"]
[PlyCount "75"]
[EventDate "2019.08.16"]
[EventType "swiss"]
[EventRounds "9"]
[EventCountry "CAN"]

1. e4 e5 2. Nf3 Nc6 3. Bb5 a6 4. Ba4 Nf6 5. O-O Nxe4 6. Re1 Nc5 7. Bxc6 dxc6 8.
Nxe5 Be7 9. d4 Ne6 10. c3 O-O 11. f4 g6 12. Qf3 Qd5 13. Qe3 c5 14. Rd1 Rd8 15.
c4 cxd4 16. cxd5 dxe3 17. Bxe3 Ng7 18. Nc3 Nf5 19. Bf2 f6 20. Nf3 Nd6 21. Re1
Kf7 22. h3 h5 23. Re2 Bf5 24. Rae1 Bf8 25. b3 Re8 26. Nd4 Rxe2 27. Rxe2 Re8 28.
Nxf5 Nxf5 29. Rxe8 Kxe8 30. g4 hxg4 31. hxg4 Nh6 32. g5 fxg5 33. fxg5 Nf5 34.
Ne4 Be7 35. Bc5 b6 36. Bxe7 Kxe7 37. Kf2 Nd6 38. Ke3 1/2-1/2

[Event "NAYCC U18"]
[Site "Kingston CAN"]
[Date "2019.08.19"]
[Round "8.179"]
[White "Hua, Eugene"]
[Black "Doknjas, Joshua"]
[Result "1/2-1/2"]
[WhiteElo "2301"]
[BlackElo "2236"]
[PlyCount "56"]
[EventDate "2019.08.16"]
[EventType "swiss"]
[EventRounds "9"]
[EventCountry "CAN"]

1. c4 c5 2. Nc3 Nc6 3. Nf3 g6 4. e3 Nf6 5. d4 cxd4 6. exd4 d5 7. Ne5 Bg7 8. Be2
O-O 9. O-O Bf5 10. Bf4 dxc4 11. Nxc6 bxc6 12. Bxc4 Nd5 13. Be5 Nxc3 14. bxc3
Qa5 15. Bxg7 Kxg7 16. Qf3 Rae8 17. Rae1 e5 18. dxe5 Rxe5 19. Rxe5 Qxe5 20. h3
h5 21. Bb3 Rc8 22. Rd1 Be6 23. Qd3 Rb8 24. Bxe6 Qxe6 25. Qd4+ Qf6 26. Qxa7 Rb2
27. Qd4 Qxd4 28. cxd4 Rxa2 1/2-1/2

[Event "NAYCC U18"]
[Site "Kingston CAN"]
[Date "2019.08.19"]
[Round "8.180"]
[White "Costello, Alexander"]
[Black "Wang, Wesley"]
[Result "1/2-1/2"]
[WhiteElo "2256"]
[BlackElo "2269"]
[PlyCount "95"]
[EventDate "2019.08.16"]
[EventType "swiss"]
[EventRounds "9"]
[EventCountry "CAN"]

1. e4 c5 2. Ne2 e6 3. d4 cxd4 4. Nxd4 a6 5. Nc3 d6 6. Qf3 Qb6 7. Nb3 Qc7 8. a4
Nc6 9. Qg3 Nf6 10. Bd3 g6 11. O-O Bg7 12. a5 O-O 13. Be3 Ne5 14. Bb6 Qe7 15.
Be2 Nc6 16. Rfd1 e5 17. Qd3 Nb4 18. Qxd6 Qxd6 19. Rxd6 Nxc2 20. Rad1 Be6 21.
Nc5 Nd4 22. Nxe6 Nxe6 23. Bc4 Rfe8 24. Bxe6 fxe6 25. Rd8 Rexd8 26. Bxd8 Rc8 27.
f3 Kf7 28. Bxf6 Kxf6 29. Na4 Bf8 30. Rd7 Rc4 31. Nb6 Bc5+ 32. Kf1 Rc1+ 33. Ke2
Rc2+ 34. Kd3 Rxg2 35. Rxb7 Bd4 36. Nd7+ Kg5 37. Nf8 Bxb2 38. Nxe6+ Kf6 39. Rb6
Rxh2 40. Rxa6 Ke7 41. Rb6 Ba3 42. Nc7 Bc5 43. Rc6 Bg1 44. Rc1 Kd7 45. a6 Ra2
46. Nd5 Ra3+ 47. Ke2 Bd4 48. Rc7+ 1/2-1/2

[Event "NAYCC U18"]
[Site "Kingston CAN"]
[Date "2019.08.19"]
[Round "8.181"]
[White "Huang, Andy"]
[Black "Zhang, Yuanchen"]
[Result "0-1"]
[WhiteElo "2263"]
[BlackElo "2305"]
[PlyCount "112"]
[EventDate "2019.08.16"]
[EventType "swiss"]
[EventRounds "9"]
[EventCountry "CAN"]

1. e4 e5 2. Nf3 Nc6 3. Bb5 a6 4. Ba4 Nf6 5. d3 b5 6. Bb3 Bc5 7. O-O O-O 8. a4
b4 9. a5 d6 10. h3 h6 11. Nbd2 Ba7 12. c3 Rb8 13. Nc4 Be6 14. Re1 bxc3 15. bxc3
Nd7 16. Ba2 Rb5 17. d4 exd4 18. Nxd4 Nxd4 19. cxd4 Qf6 20. Be3 d5 21. exd5 Bxd5
22. Qg4 Qe6 23. Qg3 Bxc4 24. d5 Qxd5 25. Red1 Qc6 26. Bxc4 Qxc4 27. Bxa7 Rg5
28. Qf3 Ne5 29. Qb7 c6 30. Be3 Rg6 31. Qb1 Re8 32. Kh1 Qb5 33. Qe4 Rge6 34. Qd4
Qc4 35. Qa7 Nd3 36. Qd7 Ne5 37. Qa7 R6e7 38. Qb6 Nd3 39. Rab1 Rxe3 40. fxe3
Nf2+ 41. Kh2 Nxd1 42. Rxd1 c5 43. Rd8 Rxd8 44. Qxd8+ Kh7 45. Qd7 Qe6 46. Qc7 c4
47. Kg1 Qxe3+ 48. Kh2 Qe6 49. Qc5 Qe4 50. Qc7 Qd5 51. Kh1 Qd3 52. Qxf7 c3 53.
Kh2 c2 54. Qf4 Qd5 55. h4 Qe6 56. Qc1 Qd6+ 0-1

[Event "NAYCC U18"]
[Site "Kingston CAN"]
[Date "2019.08.19"]
[Round "8.182"]
[White "Quiroga, Angel"]
[Black "Ouellet, Maili-Jade"]
[Result "0-1"]
[WhiteElo "2053"]
[BlackElo "2211"]
[PlyCount "72"]
[EventDate "2019.08.16"]
[EventType "swiss"]
[EventRounds "9"]
[EventCountry "CAN"]

1. Nf3 d5 2. e3 Nf6 3. b3 e6 4. Bb2 c5 5. d4 Nc6 6. Nbd2 Be7 7. Bd3 O-O 8. a3
b6 9. O-O Bb7 10. Ne5 Rc8 11. f4 a6 12. Nxc6 Rxc6 13. c3 Rc7 14. Qe2 Qa8 15.
dxc5 Bxc5 16. b4 Bd6 17. c4 Ne4 18. Bxe4 dxe4 19. c5 bxc5 20. Nc4 Be7 21. Qg4
g6 22. f5 exf5 23. Rxf5 Qc8 24. Raf1 cxb4 25. Nb6 Qe6 26. Qf4 Rc2 27. Re5 Qd6
28. Rxe7 Qxf4 29. exf4 Rxb2 30. Na4 Rc2 31. Rxb7 bxa3 32. Rb3 a2 33. Ra1 Rfc8
34. Re3 Rc1+ 35. Re1 Rxe1+ 36. Rxe1 Rc4 0-1

[Event "NAYCC U18"]
[Site "Kingston CAN"]
[Date "2019.08.19"]
[Round "8.183"]
[White "Yip, Carissa"]
[Black "Samadashvili, Martha"]
[Result "1-0"]
[WhiteElo "2300"]
[BlackElo "2086"]
[PlyCount "107"]
[EventDate "2019.08.16"]
[EventType "swiss"]
[EventRounds "9"]
[EventCountry "CAN"]

1. e4 c5 2. Nf3 e6 3. d4 cxd4 4. Nxd4 Nc6 5. Nc3 Qc7 6. Be3 a6 7. Qd2 Nf6 8.
O-O-O Be7 9. f4 b5 10. e5 b4 11. exf6 bxc3 12. Qxc3 Bxf6 13. g4 Qa5 14. Qxa5
Nxa5 15. Bg2 Bb7 16. Bxb7 Nxb7 17. g5 Be7 18. Rhe1 Nd6 19. Bd2 g6 20. a4 Rc8
21. Bc3 Rf8 22. Rd3 Nf5 23. Nxf5 gxf5 24. Bg7 Rg8 25. Be5 h6 26. h4 h5 27. Red1
d5 28. Rb3 Bd8 29. Rb7 Rg6 30. Ra7 Rc6 31. Rd3 f6 32. Rc3 Rxc3 33. Bxc3 fxg5
34. hxg5 Bb6 35. Rxa6 Bc7 36. Bd2 h4 37. Ra8+ Kd7 38. Rh8 e5 39. fxe5 Bxe5 40.
Rxh4 Bg3 41. Rh6 Rg8 42. Rf6 Rh8 43. c3 Rh1+ 44. Kc2 Rf1 45. g6 Be5 46. g7 Rg1
47. Rxf5 Ke6 48. Rg5 Rxg5 49. Bxg5 Bxg7 50. Be3 Kd7 51. b4 Bf6 52. Kb3 Bd8 53.
a5 Kc6 54. Ka4 1-0

[Event "NAYCC U18"]
[Site "Kingston CAN"]
[Date "2019.08.19"]
[Round "8.184"]
[White "Chen, Richard"]
[Black "Chasin, Nico"]
[Result "1/2-1/2"]
[WhiteElo "2291"]
[BlackElo "2178"]
[PlyCount "72"]
[EventDate "2019.08.16"]
[EventType "swiss"]
[EventRounds "9"]
[EventCountry "CAN"]

1. e4 c5 2. Nf3 e6 3. d4 cxd4 4. Nxd4 Nc6 5. Nc3 Qc7 6. Be3 a6 7. Qf3 Bd6 8.
O-O-O Be5 9. Nxc6 bxc6 10. Bd4 Ne7 11. Bxe5 Qxe5 12. Qg3 Qxg3 13. hxg3 d5 14.
exd5 cxd5 15. Rh4 Kd7 16. Na4 Kc7 17. c4 Nf5 18. Rh2 dxc4 19. Bxc4 Nd6 20. Bd3
Bd7 21. Nc3 Bc6 22. f3 h6 23. Rh5 a5 24. g4 f6 25. Rhh1 Rhd8 26. Rhe1 e5 27.
Kc2 Nb7 28. Bc4 Nc5 29. Nd5+ Bxd5 30. Bxd5 Rab8 31. Re3 Rb4 32. Rc3 Kb6 33. Rc4
Rd6 34. Rxb4+ axb4 35. Bb3 Rxd1 36. Kxd1 Kb5 1/2-1/2